000 00732nam a2200217 a 4500
001 000031440
003 OSt
005 20260305073955.0
008 110622q1936 dr 000 | spa d
040 _aDO-SdBNP
_bspa
_cBNPHU
082 _a923.587
_bO77e
100 1 _aOrtiz Álvarez, Horacio
_957843
245 1 0 _aEntre Bolívar y Napoleón no hay paralelo /
_cHoracio Ortiz Álvarez.
260 _a[Ciudad Trujillo, República Dominicana] :
_b[s.n.],
_c[1936?].
300 _a22 p. ;
_c18 cm.
590 _aInventariado, 2018/LP
600 1 0 _aBolívar, Simón,
_d1783-1830
_9253
600 1 4 _aNapoleón -- I,
_d1769-1821.
_tEmperador de Francia, 1769-1821
_976981
910 _aValidado. Control de calidad MFF
942 _2ddc
_cLF1
999 _c30932
_d30932